00781nam a22002057a 450000500170000002000180001704100080003508200180004310000180006124500720007926000500015130000290020150400510023065000240028165000430030565000290034894200120037799900170038995201690040620260525143432.0 a9780333935033 aENG a658.4033bSHA aSharma, J. K. aQuantitative techniques for managerial decisions / c J. K. Sharma. aDelhi :b Macmillan Publishers India ,c2001. axix, 908 pages ;c24 cm. aIncludes bibliographical references and index. aManagement science. aDecision makingx Mathematical models. aQuantitative techniques. 2ddccBK c24354d24354 00102ddc4070aIPEbIPEcS Campusd2026-05-25eDonated by Prof. S. Satish Kumar (IPE Faculty)g355.00l0o658.4033 SHAp51075r2026-05-25 14:41:02w2026-05-25yBK